Taylor Swift Lyrics(kinda tricky) - Statistics

General Stats
  • This quiz has been taken 55 times
  • The average score is 13 of 15
Answer Stats
Hint Answer % Correct
We never go out of ______ Style
100%
It's a ______ story baby just say yes Love
98%
Don't blame me ____ made me crazy love
98%
Welcome to ___ _____ it's been waiting for you New York
98%
I'm drunk in the back of the ____ Car
95%
Are we out of the ______ Woods
95%
I am not the kind of ____ who would be barging in on a white veil occasion girl
93%
Shape of your_____it's blue body
91%
I called my ____ she said to get it of my chest Mom
91%
Loven him was ____ like I never knew Red
91%
And I go back to_______turn around and make it all right December
88%
Your so ______ I can't say anything to your face Gorgeous
86%
There is nothing I do better than _________ Revenge
86%
But I got ________ I got harder in the nick of timee Smarter
84%
Karma is a ___ _ ___ _______ Guy on the Cheifs
5%
No matching quizzes found
Score Distribution
Percent of People with Each Score
Percentile by Number Answered
Your Score History
You have not taken this quiz